A fly went by, (Record no. 548)

MARC details
000 -LEADER
fixed length control field 00923nam a22002891 4500
005 - DATE AND TIME OF LATEST TRANSACTION
control field 20230629095336.0
040 ## - CATALOGING SOURCE
Original cataloging agency DLC
Transcribing agency DLC
Modifying agency DLC
Language of cataloging eng
050 00 - LIBRARY OF CONGRESS CALL NUMBER
Classification number PZ8.3.M1325
Item number Fl
082 00 - DEWEY DECIMAL CLASSIFICATION NUMBER
Classification number [E]
100 1# - MAIN ENTRY--PERSONAL NAME
Personal name McClintock, Marshall
Dates associated with a name 1906-1967
245 12 - TITLE STATEMENT
Title A fly went by,
Statement of responsibility, etc. by Mike McClintock. Illustrated by Fritz Siebel.
250 ## - EDITION STATEMENT
Edition statement Book Club Edition
260 ## - PUBLICATION, DISTRIBUTION, ETC.
Place of publication, distribution, etc. New York :
Name of publisher, distributor, etc. Beginner Books; distributed by Random House
Date of publication, distribution, etc. 1958
300 ## - PHYSICAL DESCRIPTION
Extent 62 pages.
Other physical details illustrations.
Dimensions 24 cm.
490 0# - SERIES STATEMENT
Series statement Beginner books, 3
505 ## - FORMATTED CONTENTS NOTE
Formatted contents note F
520 ## - SUMMARY, ETC.
Summary, etc. A sheep with its foot caught in a tin can sets off a chase with a fly in the lead.
521 ## - TARGET AUDIENCE NOTE
Target audience note 430 <br/>
Source Lexile
521 ## - TARGET AUDIENCE NOTE
Target audience note F <br/>
Source Raz-Plus
650 #1 - SUBJECT ADDED ENTRY--TOPICAL TERM
Topical term or geographic name entry element Stories in rhyme.
650 #1 - SUBJECT ADDED ENTRY--TOPICAL TERM
Topical term or geographic name entry element Animals
General subdivision Fiction.
700 1# - ADDED ENTRY--PERSONAL NAME
Personal name Siebel, Fritz.
906 ## - LOCAL DATA ELEMENT F, LDF (RLIN)
a 7
b cbc
c orignew
d 1
e ocip
f 19
g y-gencatlg
942 ## - ADDED ENTRY ELEMENTS (KOHA)
Source of classification or shelving scheme Dewey Decimal Classification
Koha item type Books
Suppress in OPAC No
999 ## -
-- 548
-- 548
Holdings
Withdrawn status Lost status Source of classification or shelving scheme Damaged status Not for loan Collection Home library Current library Shelving location Date acquired Total Checkouts Full call number Barcode Date last seen Price effective from Koha item type
    Dewey Decimal Classification     Juvenile Fiction Footprints International School Library Network Toul Kork Campus Footprints International School Library Network Toul Kork Campus TK Primary Library Room(4th Floor), Bookcase 1&2, Shelves 1-16, Dark Blue Books 06/16/2023   MCC Fic PZ8.3.M 2023-0100 06/16/2023 06/16/2023 Books